Advanced Microprocessors and Peripherals (Record no. 132542)

000 -LEADER
fixed length control field 00414nam a2200145Ia 4500
008 - FIXED-LENGTH DATA ELEMENTS--GENERAL INFORMATION
fixed length control field 220120s9999||||xx |||||||||||||| ||und||
020 ## - INTERNATIONAL STANDARD BOOK NUMBER
International Standard Book Number 9788126524563
082 ## - DEWEY DECIMAL CLASSIFICATION NUMBER
Classification number 004.165 RAY
100 ## - MAIN ENTRY--PERSONAL NAME
Personal name Ray, A K and Bhurchandi, Kishor M
9 (RLIN) 12862
245 #0 - TITLE STATEMENT
Title Advanced Microprocessors and Peripherals
250 ## - EDITION STATEMENT
Edition statement 2
260 ## - PUBLICATION, DISTRIBUTION, ETC.
Place of publication, distribution, etc. Tata mc graw hill
Name of publisher, distributor, etc. New Delhi
Date of publication, distribution, etc. 2011
300 ## - PHYSICAL DESCRIPTION
Extent xlvi;810
Other physical details 459
650 ## - SUBJECT ADDED ENTRY--TOPICAL TERM
Topical term or geographic name entry element COMPUTER SCIENCE
Holdings
Withdrawn status Lost status Damaged status Not for loan Collection code Home library Current library Date acquired Barcode Date last seen Price effective from Koha item type
        Computer Science and Engineering Central Library Central Library 01/20/2022 ST198 01/20/2022 01/20/2022 Scheduled Tribe Book Bank

Powered by Koha